La aplicación de la tecnología satelital en los procesos educativos
Spremljeno u:
| Format: | Knjiga |
|---|---|
| Jezik: | španjolski |
| Izdano: |
Santiago
Ministerio de Relaciones Exteriores
1995
|
| Teme: | |
| Oznake: |
Dodaj oznaku
Bez oznaka, Budi prvi tko označuje ovaj zapis!
|
MARC
| LEADER | 00000nam a2200000 a 4500 | ||
|---|---|---|---|
| 001 | UCT8225 | ||
| 003 | CL-VaPUC | ||
| 008 | 970326e19950000CL |||||||||||||||||spa|d | ||
| 082 | 0 | 4 | |a 374.4 |b APL |2 21 |
| 245 | 1 | 3 | |a La aplicación de la tecnología satelital en los procesos educativos |
| 300 | |a 131 p | ||
| 942 | |c BK | ||
| 945 | |d 19970326 00:00:00 |a nastorga | ||
| 260 | |a Santiago |b Ministerio de Relaciones Exteriores |c 1995 | ||
| 650 | 0 | |a Educación a distancia |9 308343 | |
| 650 | 7 | |a SATELITES CIENTIFICOS |2 CL-VaPUC |9 365205 | |
| 650 | 0 | |a Métodos de enseñanza |9 270413 | |
| 650 | 7 | |a TELEVISION EDUCATIVA |2 CL-VaPUC |9 310717 | |
| 650 | 7 | |a COMUNICACION A DISTANCIA |2 CL-VaPUC |9 379809 | |
| 650 | 7 | |a CORREO ELECTRONICO |2 CL-VaPUC |9 340458 | |
| 583 | |a last modification |c 20160920 04:24:39 |k Rodrigo Vera | ||
| 999 | |c 256745 |d 256743 | ||
| 952 | |0 0 |1 0 |4 0 |6 374_400000000000000_APL_1995 |7 0 |8 A |9 279664 |a BIBEDU |b BIBEDU |d 2019-11-19 |i 3288072 |o 374.4 APL 1995 |p 3288072 |r 2019-11-19 |w 2019-11-19 |y BK |k EDU | ||